MDQL
is popping MORE tags! Check the
thread
!
Quizzes
Events
Quiz Creation
Community
Videos
Private Events
Remove Ads
Sign In
Join for FREE
Feedback
Dark Mode
Quiz Categories
Sports
Geography
Music
Movies
Television
Just For Fun
Miscellaneous
History
Literature
Language
Science
Gaming
Entertainment
Religion
Holiday
For Kids
Quiz Lab
Recent
Popular Today
Quiz Kudos Today
Editor Picks
Curator Picks
Quizzes by...
Day
Popularity
Type
Ratings
Length
Year
Community
Subscriptions
Recent Discussions
Orange Saloon
Badges
Playlists
Quests
Create
Leaderboards
Showdown
Live 5
Trivia Bingo
Activity
Puzzle Library
Sporcle Events
Private Events
Virtual Trivia
Globe League
Become a Host
Pub Owners
SporcleCon
Opinionation
Our Games
Videos
Blog
Mobile Apps
Partnerships
Remove Ads and Go Orange
Feedback
Music
Pop Music
The Beatles
Song
Album
Lyrics
Bands
Singers
Artist
Clip
Rock
Rap
Classical
Billboard
Country Music
Kpop
Taylor Swift
Music
Pop Music
The Beatles
Song
Album
Lyrics
Bands
Singers
Artist
Clip
Rock
Rap
Classical
Billboard
Country Music
Kpop
Taylor Swift
Random Quiz
Search Sporcle
×
Quiz Lab
Quiz Lab
Music
Taylor Swift
Type in answers that appear in a list
Type in answers that appear in a list
Classic
Best Score? Go Orange.
Taylor Swift's The Last Time Stats
Can you name the Taylor Swift's The Last Time?
By
nat22cat
10m
300 Questions
1,712 Plays
1,712 Plays
1,712 Plays
Comments
Comments
Give Quiz Kudos
Give Quiz Kudos
-
- Ratings
hide this ad
Replay
Link that replays current quiz
Next Quiz
Link to next quiz in quiz playlist
You Got
0%
They Got
Avg Score
90%
Avg Friend Score
Upgrade to see
Score Distribution
Jump to the score distribution portion of the page
Score
0/300
Timer
10:00
0
Plays Today
% Correct
I
99.1%
I
99.1%
I
99.1%
I
99.1%
I
99.1%
I
99.1%
I
99.1%
I
99.1%
the
98.7%
the
98.7%
the
98.7%
the
98.7%
the
98.7%
the
98.7%
the
98.7%
the
98.7%
the
98.7%
the
98.7%
the
98.7%
the
98.7%
the
98.7%
the
98.7%
the
98.7%
the
98.7%
the
98.7%
the
98.7%
time
98.2%
time
98.2%
time
98.2%
time
98.2%
time
98.2%
time
98.2%
time
98.2%
time
98.2%
time
98.2%
time
98.2%
time
98.2%
you
97.8%
you
97.8%
you
97.8%
you
97.8%
you
97.8%
you
97.8%
you
97.8%
you
97.8%
you
97.8%
you
97.8%
you
97.8%
you
97.8%
you
97.8%
you
97.8%
you
97.8%
you
97.8%
you
97.8%
you
97.8%
you
97.8%
you
97.8%
you
97.8%
you
97.8%
you
97.8%
a
97.8%
you
97.8%
last
97.3%
last
97.3%
last
97.3%
last
97.3%
last
97.3%
last
97.3%
last
97.3%
last
97.3%
last
97.3%
last
97.3%
last
97.3%
is
95.9%
is
95.9%
is
95.9%
is
95.9%
is
95.9%
is
95.9%
is
95.9%
is
95.9%
is
95.9%
is
95.9%
is
95.9%
is
95.9%
I'm
95.6%
I'm
95.6%
this
95.6%
I'm
95.6%
this
95.6%
this
95.6%
I'm
95.6%
I'm
95.6%
this
95.6%
I'm
95.6%
this
95.6%
this
95.6%
I'm
95.6%
this
95.6%
this
95.6%
% Correct
this
95.6%
this
95.6%
this
95.6%
I'm
95.6%
this
95.6%
this
95.6%
I'm
95.6%
this
95.6%
im
95.6%
this
95.6%
your
95%
your
95%
your
95%
your
95%
your
95%
your
95%
your
95%
your
95%
your
95%
my
95%
my
95%
my
95%
my
95%
my
95%
my
95%
my
95%
my
95%
my
95%
in
94.2%
in
94.2%
in
94.2%
in
94.2%
in
94.2%
in
94.2%
an
94.1%
an
94.1%
an
94.1%
at
93.8%
at
93.8%
at
93.8%
at
93.8%
at
93.8%
at
93.8%
to
93.1%
to
93.1%
to
93.1%
of
92.6%
of
92.6%
of
92.6%
of
92.6%
of
92.6%
of
92.6%
asking
92.3%
asking
92.3%
asking
92.3%
asking
92.3%
asking
92.3%
asking
92.3%
asking
92.3%
all
92%
all
92%
all
92%
all
92%
all
92%
all
92%
door
91.9%
door
91.9%
door
91.9%
me
91.6%
me
91.6%
me
91.6%
me
91.6%
eye
91.1%
eye
91.1%
eye
91.1%
just
91.1%
just
91.1%
just
91.1%
just
91.1%
just
91.1%
go
90.9%
name
90.8%
name
90.8%
name
90.8%
name
90.8%
like
90.6%
like
90.6%
before
90.4%
before
90.4%
top
90.4%
before
90.4%
before
90.4%
top
90.4%
top
90.4%
top
90.4%
list
90.2%
list
90.2%
list
90.2%
and
90.2%
and
90.2%
% Correct
and
90.2%
and
90.2%
and
90.2%
and
90.2%
and
90.2%
times
90.1%
put
90.1%
times
90.1%
times
90.1%
put
90.1%
put
90.1%
put
90.1%
those
89.6%
those
89.6%
break
89.5%
break
89.5%
break
89.5%
why
89.4%
why
89.4%
why
89.4%
why
89.4%
heart
89.2%
blink
89.2%
heart
89.2%
blink
89.2%
heart
89.2%
blink
89.2%
no
87.7%
no
87.7%
no
87.7%
there
87.1%
there
87.1%
let
87%
let
87%
myself
86.6%
find
86%
find
86%
got
85.7%
got
85.7%
eyes
85.3%
eyes
85.3%
eyes
85.3%
for
83.9%
right
83.8%
was
83.8%
right
83.8%
again
83.6%
best
83.3%
leave
82.9%
watch
82.6%
but
82.6%
here
82.1%
better
82%
better
82%
wear
81.8%
everything
81.8%
everything
81.8%
how
81.1%
not
81.1%
apology
80.5%
alone
79.4%
yourself
79.2%
sure
79.1%
it
78.4%
breaking
78.3%
roads
78.1%
lead
78.1%
room
77.9%
reason
77.7%
they
77%
tell
75.9%
mine
75.5%
home
74.9%
into
74%
imagine
73.8%
open
73.3%
it's
73.2%
are
72.9%
anymore
72.9%
wrong
72.8%
won't
72.7%
say
71.7%
along
71.5%
hurt
71.1%
I've
71%
when
70.9%
feels
70.3%
back
70.3%
been
70.3%
come
68.9%
disappear
64.7%
hide
63.6%
nowhere
56.5%
past
54.7%
past
54.7%
oh
51%
oh
51%
oh
51%
oh
51%
aching
40.3%
Quiz Playlist
Details
Report
Send in Message
Add To Playlist
Classic:
Type in answers that appear in a list
Last Updated: Feb 16, 2017
Quiz Scoreboard
CHALLENGE
Sign Up to Join the Scoreboard
Show All
Scores
Hide
Comments
May contain spoilers
Recently Published
Holiday 10x10 Sorting Gallery
by lukepisani3
Holiday
15m
Two Season TV Shows II
by 123Four
Television
10m
Image Sorting: Flags VI
by Barbecue
Geography
2m
More to Explore
Quiz From the Vault
Featured Blog Post
14 Easter Pick-up Lines to Find Eggs With
hide this ad
You Might Also Like...
Tags
Taylor Swift Quiz
last
Today's Top Quizzes in Music
Browse Music
hide this ad
Today's Top Quizzes in Taylor Swift
Browse Taylor Swift
Top Contributed Quizzes in Music
1
5X2 Blitz: Bands II
2
5X2 Blitz: The Beatles
3
Taylor Swift All Songs (2024)
4
5X2 Blitz: Billboard
5
5X2 Blitz: Billboard II
6
Music Artist by Three 2010s hits
7
5X2 Blitz: Album
8
5X2 Blitz: Rock
9
5X2 Blitz: Singers
10
5X2 Blitz: Lyrics
Explore More
Trending Topics
Harry Potter
Crossword
Disney
Marvel
NBA
Kpop
Anime
Pokémon
WWE
Song
The Office
Puzzle
Soccer
Country
NFL
hide this ad
More By:
nat22cat
Quiz
Plays
Rating
Category
Featured
Created
Taylor Swift's Wildest Dreams
35,268
4.58
Music
Nov 13, 2014
'I Knew You Were Trouble' Lyrics
34,065
4.84
Music
Oct 10, 2012
Taylor Swift's Red By Opening Lyrics
8,788
4.30
Music
Oct 22, 2012
Taylor Swift's All Too Well
7,319
2.71
Music
Oct 28, 2012
Taylor Swift's Tim Mcgraw lyrics
4,996
3.56
Music
Aug 15, 2011
Go to Creator's Profile
Score Distribution
Quiz Creator Spotlight
nat22cat
Follow
Send a Message
Quizzes Created
-
Created Quiz Play Count
-
More By This Creator
Popular Quizzes Today
1
Find the US States - No Outlines Minefield
2
Colored Red Africa Blitz
3
Find the 'City' Movie
4
The Countries of the World
5
5x2 Blitz: Bands
6
Find the Countries of Europe - No Outlines Minefield
7
Find the US States
8
US States
More Music Quizzes
Frank Ocean's Verse on 'Oldie'
Quiz Lab
Trending Quizzes
Colored Red Europe Blitz I
Colored Red Africa Blitz II
Colored Red Europe Blitz II
Even More Two Season TV Shows
Colored Red Africa Blitz III
Recently Updated
Odd Team Out - Big 4 Players
pecheneg
Quick Pick: 20 Twenties
pecheneg
March Madness Men's Triple Doubles
pecheneg
How Do You Spell That?
pecheneg
Godzilla Movies
pecheneg
Grab Bag: 4-10 Letters
pecheneg
2024 March Madness Bracket
pecheneg
Famous TV Couples
Peacemaker
Champions League XIs: Real Madrid
pecheneg
Largest US Cities 1790-2010
pecheneg
Trending Topics
NBA
Anime
Crossword
Disney
Marvel
Kpop
Harry Potter
WWE
Pokémon
Country
NFL
The Office
Puzzle
Soccer
Song
Your Account Isn't Verified!
In order to create a playlist on Sporcle, you need to verify the email address you used during registration. Go to your
Sporcle Settings
to finish the process.
Report this User
Report this user for behavior that violates our
Community Guidelines
.
Details:
Send Report
Go to the Sporcle.com Mobile Site →
Comments